000 00698nam a2200229Ia 4500
003 GCL
008 140319s9999 xx 000 0 ara d
040 _aGCL /
_cGCL
082 0 4 _a613
_bن ع
100 1 _aنخبة من الاطباء
245 1 0 _aالعناية بالشعر والجلد /
_cنخبة من الاطباء
700 1 _aوجدان رسمى بسيونى
300 _a198 ص
490 _aالسلسلة الطبية
_v0
650 0 4 _aالطب
650 0 4 _aالتمرينات الرياضية
650 0 4 _aالنظافة
650 0 4 _aالصحة الشخصية
650 0 4 _aالجلد - امراض
650 0 4 _aالشعر - رعاية وعلاج
942 _2ddc
_cBK
999 _c40931
_d40931